[Event "X Open"]
[Site "Crema ITA"]
[Date "2008.09.07"]
[Round "5"]
[White "Distratis, Gianluca"]
[Black "Castrogiovanni, Carlo"]
[Result "0-1"]
[WhiteElo "1873"]
[BlackElo "2055"]
[PlyCount "74"]
[EventDate "2008.09.05"]

1. e4 c5 2. c3 d5 3. exd5 Qxd5 4. d4 Nf6 5. Nf3 g6 6. Be2 cxd4 7. cxd4 Bg7 8.
Nc3 Qd8 9. O-O O-O 10. Bf4 a6 11. Qb3 Nbd7 12. Rac1 Nb6 13. h3 Nbd5 14. Bh2 b5
15. g4 Be6 16. Nxd5 Bxd5 17. Qe3 Ra7 18. Ne5 Qa8 19. Rc5 Ne4 20. Rxd5 Qxd5 21.
Bf3 f6 22. Bxe4 Qxe4 23. Qb3+ e6 24. Qxe6+ Raf7 25. Qc6 Qxc6 26. Nxc6 Rc8 27.
d5 Rd7 28. Rc1 Kh8 29. Re1 Bf8 30. Nb8 Rxd5 31. Nxa6 Rd2 32. Re6 Kg7 33. Nc7
Bc5 34. Rc6 Bxf2+ 35. Kf1 Kf7 36. Ra6 Bd4 37. Bf4 Rf2+ 0-1

[Event "X Open"]
[Site "Crema ITA"]
[Date "2008.09.07"]
[Round "5"]
[White "Gerundino, Nicola"]
[Black "Ranzato, Paolo"]
[Result "1/2-1/2"]
[WhiteElo "1964"]
[BlackElo "1801"]
[PlyCount "110"]
[EventDate "2008.09.05"]

1. e4 e6 2. d3 d5 3. Nd2 Nf6 4. g3 g6 5. e5 Nfd7 6. d4 c5 7. c3 Nc6 8. Ndf3 Qb6
9. a3 cxd4 10. cxd4 Bg7 11. b4 a6 12. Bh3 O-O 13. Ne2 Re8 14. O-O f6 15. exf6
Nxf6 16. Nc3 Ne4 17. Na4 Qb5 18. Re1 Ne7 19. Bf4 Bd7 20. Nb2 Nf5 21. Bc7 Bc8
22. Bf1 Qd7 23. Be5 Bh6 24. Na4 Qc6 25. g4 Nfd6 26. h4 b5 27. Nc5 Nc4 28. g5
Bg7 29. Bxg7 Kxg7 30. Nh2 Qd6 31. Nxe4 dxe4 32. Bxc4 bxc4 33. Rc1 Bb7 34. Rxc4
Qd5 35. Rc5 Qd6 36. Qc1 Re7 37. Qe3 Rd8 38. Ng4 Qxd4 39. Qxd4+ Rxd4 40. Re3 Bd5
41. Nf6 Rf7 42. Rec3 e3 43. fxe3 Rxh4 44. Rc8 Rh1+ 45. Kf2 Re7 46. Rg8+ Kf7 47.
Rcc8 Rb7 48. e4 Bb3 49. Rcf8+ Ke7 50. e5 Bd5 51. Ra8 Kf7 52. Rxa6 Rc7 53. Rd6
Rh2+ 54. Ke3 Rc3+ 55. Kd4 Rc4+ 1/2-1/2

[Event "X Open"]
[Site "Crema ITA"]
[Date "2008.09.07"]
[Round "5"]
[White "Giassi, Roberto"]
[Black "Viviani, Giorgio"]
[Result "1-0"]
[WhiteElo "1461"]
[BlackElo "1335"]
[PlyCount "65"]
[EventDate "2008.09.05"]

1. e4 c6 2. d4 d5 3. e5 Bf5 4. Nc3 e6 5. a3 Qb6 6. Nf3 Nd7 7. Bd3 Bxd3 8. Qxd3
Qa6 9. Qxa6 bxa6 10. b4 f6 11. Bf4 fxe5 12. Nxe5 Nxe5 13. Bxe5 Ne7 14. O-O Ng6
15. Bg3 O-O-O 16. Na4 Bd6 17. Bxd6 Rxd6 18. Nc5 Rf8 19. Nxa6 e5 20. dxe5 Nxe5
21. Rfe1 Ng4 22. f3 Nh6 23. Re7 Rd7 24. Rae1 Nf5 25. Re8+ Rd8 26. Rxf8 Rxf8 27.
Re6 Kd7 28. Nc5+ Kc7 29. a4 Nd4 30. Re7+ Kd6 31. Rd7+ Ke5 32. Rxa7 Nxc2 33.
Nd7+ 1-0

[Event "X Open"]
[Site "Crema ITA"]
[Date "2008.09.07"]
[Round "5"]
[White "Guzzetti, Luigi Enrico"]
[Black "Milanesi, Erminio"]
[Result "1-0"]
[WhiteElo "1739"]
[BlackElo "1879"]
[PlyCount "97"]
[EventDate "2008.09.05"]

1. e4 g6 2. d4 Nh6 3. Bd3 d6 4. Nf3 f6 5. O-O Nf7 6. Qe2 Bg7 7. c3 c6 8. Be3
O-O 9. Nbd2 Bg4 10. h3 Bxf3 11. Nxf3 e6 12. Rad1 Qe7 13. Rfe1 Nd7 14. Qd2 a5
15. a4 Rfd8 16. Bc4 Nb6 17. Bxe6 Nxa4 18. Bb3 Nb6 19. Qc2 a4 20. Ba2 Nd7 21.
Bf4 Kh8 22. Bxf7 Qxf7 23. Bxd6 b5 24. e5 fxe5 25. dxe5 Nf8 26. Ng5 Qe8 27. e6
Rdc8 28. Qe4 h6 29. Nf7+ Kh7 30. Bc5 Rc7 31. Rd2 Bf6 32. Rde2 Be7 33. Qe5 Nxe6
34. Qxe6 Bxc5 35. Qxe8 Rxe8 36. Ng5+ hxg5 37. Rxe8 Rf7 38. R1e2 Rf6 39. R8e5
Bf8 40. Re6 Kg7 41. Kf1 c5 42. Rxf6 Kxf6 43. Re8 Bd6 44. Ra8 Ke5 45. Ke2 c4 46.
Ra5 Ke6 47. Rxb5 a3 48. bxa3 Bxa3 49. Rxg5 1-0

[Event "X Open"]
[Site "Crema ITA"]
[Date "2008.09.07"]
[Round "5"]
[White "Maccarini, Luca Nicola"]
[Black "Mattia, Ermanno"]
[Result "1-0"]
[WhiteElo "1920"]
[BlackElo "1646"]
[PlyCount "61"]
[EventDate "2008.09.05"]

1. d4 Nf6 2. Nf3 g6 3. c4 Bg7 4. g3 d5 5. cxd5 Nxd5 6. Bg2 O-O 7. O-O Nc6 8. e4
Nb6 9. d5 Ne5 10. Nxe5 Bxe5 11. f4 Bg7 12. Nc3 e6 13. e5 exd5 14. Nxd5 c6 15.
Nc3 Qe7 16. Qe2 f6 17. Be3 fxe5 18. Ne4 Re8 19. Bc5 Qe6 20. Nd6 Rd8 21. f5 gxf5
22. Nxf5 Qc4 23. Ne7+ Kh8 24. Qf2 Bg4 25. b3 Qe6 26. h3 Bxh3 27. Bxh3 Qxh3 28.
Nf5 Rg8 29. Nd6 h6 30. Nf7+ Kh7 31. Qc2+ 1-0

[Event "X Open"]
[Site "Crema ITA"]
[Date "2008.09.07"]
[Round "5"]
[White "Mansueti, Marco"]
[Black "Tagliaferri, Valerio"]
[Result "0-1"]
[WhiteElo "1745"]
[BlackElo "1917"]
[PlyCount "94"]
[EventDate "2008.09.05"]

1. d4 d5 2. Bf4 Nf6 3. Nf3 Bg4 4. e3 e6 5. h3 Bh5 6. Nbd2 Bd6 7. Bxd6 Qxd6 8.
Bd3 Nbd7 9. g4 Bg6 10. Bxg6 hxg6 11. c3 e5 12. dxe5 Nxe5 13. Nxe5 Qxe5 14. Qa4+
c6 15. O-O-O a6 16. Rde1 O-O-O 17. f4 Qd6 18. g5 Nd7 19. Qc2 Rh5 20. c4 Rdh8
21. cxd5 Qxd5 22. Qc4 Rxh3 23. Qxd5 cxd5 24. Rxh3 Rxh3 25. Nb3 Kc7 26. Kd2 Nb6
27. Re2 Kd6 28. Kd3 Nc4 29. Kd4 Rf3 30. Nc5 Kc6 31. Nd3 Kd6 32. Nc5 Na5 33. Nd3
Nc6+ 34. Kc3 b6 35. a3 f6 36. gxf6 gxf6 37. Re1 g5 38. fxg5 fxg5 39. Rg1 Rxe3
40. Rxg5 Ne5 41. Rxe5 Rxe5 42. Nxe5 Kxe5 43. Kd3 d4 44. b3 Kd5 45. a4 a5 46.
Kc2 Kc5 47. Kd3 Kb4 0-1

[Event "X Open"]
[Site "Crema ITA"]
[Date "2008.09.07"]
[Round "5"]
[White "Marchesotti, Giovanni"]
[Black "Cervini, Ernesto"]
[Result "1/2-1/2"]
[WhiteElo "1675"]
[BlackElo "1494"]
[PlyCount "35"]
[EventDate "2008.09.05"]

1. g3 d5 2. Bg2 c6 3. Nf3 Nf6 4. d3 Nbd7 5. Nbd2 Qc7 6. O-O e5 7. e4 Bd6 8. b3
O-O 9. Bb2 Re8 10. Re1 Nf8 11. h3 h6 12. Nf1 Bd7 13. a4 Rad8 14. Rc1 dxe4 15.
dxe4 Qc8 16. Qxd6 Bxh3 17. Qb4 Ng6 18. Ne3 1/2-1/2

[Event "X Open"]
[Site "Crema ITA"]
[Date "2008.09.07"]
[Round "5"]
[White "Martino, Antonio M."]
[Black "Bonassi, Tommaso"]
[Result "1/2-1/2"]
[WhiteElo "2007"]
[BlackElo "1695"]
[PlyCount "43"]
[EventDate "2008.09.05"]

1. c4 c5 2. Nc3 Nc6 3. g3 g6 4. Bg2 Bg7 5. e4 e6 6. Nge2 Nge7 7. O-O O-O 8. d3
d6 9. Be3 a6 10. Rc1 Nd4 11. Qd2 Nec6 12. Bh6 Ne5 13. Nxd4 cxd4 14. Bxg7 dxc3
15. Qxc3 Kxg7 16. f4 Kg8 17. fxe5 dxe5 18. Rcd1 Qc7 19. d4 exd4 20. Qxd4 e5 21.
Qc3 Be6 22. b3 1/2-1/2

[Event "X Open"]
[Site "Crema ITA"]
[Date "2008.09.07"]
[Round "5"]
[White "Masotti, Roberto"]
[Black "Kljunic, Brane"]
[Result "1-0"]
[WhiteElo "1954"]
[BlackElo "1527"]
[PlyCount "87"]
[EventDate "2008.09.05"]

1. Nf3 d5 2. d4 Nf6 3. c4 Bf5 4. Nc3 e6 5. cxd5 exd5 6. Qb3 b6 7. Bg5 c6 8. Ne5
Be7 9. e3 O-O 10. Be2 Qc7 11. Rc1 Qd6 12. O-O Re8 13. Bf4 Qb4 14. Qxb4 Bxb4 15.
a3 Bxc3 16. Rxc3 Ne4 17. Rcc1 Rc8 18. f3 Nf6 19. Rc3 c5 20. dxc5 bxc5 21. Rfc1
c4 22. b3 Nc6 23. Nxc6 Rxc6 24. bxc4 Rac8 25. c5 Nd7 26. Bd6 a6 27. Kf2 h6 28.
Ke1 Kh8 29. Kd2 Be6 30. Bd1 Re8 31. Ba4 Rcc8 32. Rb1 Rg8 33. c6 Nf6 34. c7 Kh7
35. Bc2+ g6 36. Bd3 Ra8 37. Rb8 Rc8 38. Rc6 a5 39. Ra6 Rxa6 40. Bxa6 Re8 41.
Be5 Bc8 42. Bxf6 Re6 43. Bxc8 Rxf6 44. Bd7 1-0

[Event "X Open"]
[Site "Crema ITA"]
[Date "2008.09.07"]
[Round "5"]
[White "Mussap, Angelo"]
[Black "Gonella, Daniele"]
[Result "0-1"]
[WhiteElo "2056"]
[BlackElo "1739"]
[PlyCount "104"]
[EventDate "2008.09.05"]

1. e4 e5 2. Nf3 Nc6 3. Bc4 Bc5 4. c3 Nf6 5. O-O Nxe4 6. d4 exd4 7. cxd4 Be7 8.
d5 Nb8 9. Re1 Nd6 10. Bd3 O-O 11. Bf4 b6 12. Nc3 f5 13. Qc2 Ba6 14. Nd4 Bxd3
15. Qxd3 a5 16. Qg3 Na6 17. Be5 Bf6 18. Nf3 Bxe5 19. Rxe5 Qf6 20. Rae1 Rae8 21.
h4 Rxe5 22. Nxe5 f4 23. Qd3 Nc5 24. Qd2 Re8 25. Nf3 Rxe1+ 26. Qxe1 h6 27. a3
Kf8 28. Ne5 Nf7 29. Nf3 d6 30. Qd2 Ne5 31. Nd4 Nc4 32. Qd1 Nxb2 33. Qd2 Nc4 34.
Qd1 Nxa3 35. Nce2 Nc4 36. Qc1 Ne5 37. Nxf4 Ned3 38. Nfe6+ Nxe6 39. Nxe6+ Kg8
40. Qxc7 Qxf2+ 41. Kh2 Qxh4+ 42. Kg1 Qe1+ 43. Kh2 Qe5+ 44. Kg1 Nb4 45. Qe7 Qa1+
46. Kh2 Qe5+ 47. Kg1 g5 48. Qf8+ Kh7 49. Qf7+ Kh8 50. Qe8+ Kh7 51. Nf8+ Kg8 52.
Qf7+ Kxf7 0-1

[Event "X Open"]
[Site "Crema ITA"]
[Date "2008.09.07"]
[Round "5"]
[White "Ninov, Nikolai Ivanov"]
[Black "Orlandi, Stefano"]
[Result "1-0"]
[WhiteElo "2515"]
[BlackElo "1962"]
[PlyCount "70"]
[EventDate "2008.09.05"]

1. e4 c5 2. Nf3 Nc6 3. d4 cxd4 4. Nxd4 d6 5. c4 e6 6. Nc3 a6 7. Be3 Nf6 8. Be2
Be7 9. O-O O-O 10. Qd2 Qc7 11. Rfc1 Ne5 12. f3 b6 13. b4 Ned7 14. Nb3 Rd8 15.
Na4 Qb7 16. Bf1 Rb8 17. Qf2 b5 18. Na5 Qa8 19. cxb5 axb5 20. Nb6 Nxb6 21. Bxb6
Bb7 22. Rc7 Rd7 23. Bxb5 Rxc7 24. Bxc7 Rc8 25. Qb6 Bxe4 26. fxe4 Qxe4 27. Nc6
Bf8 28. Bd8 Nd5 29. Qb7 Rxc6 30. Rf1 Nf4 31. Qxc6 d5 32. Rf2 Qe1+ 33. Bf1 Qxb4
34. Qe8 Qd4 35. Be7 Ng6 1-0

[Event "X Open"]
[Site "Crema ITA"]
[Date "2008.09.07"]
[Round "5"]
[White "Oteri, Aldo"]
[Black "Barucco, Mattia"]
[Result "1-0"]
[WhiteElo "1844"]
[BlackElo "2029"]
[PlyCount "33"]
[EventDate "2008.09.05"]

1. e4 c5 2. Nf3 d6 3. d4 cxd4 4. Nxd4 Nf6 5. Nc3 a6 6. Bg5 e6 7. f4 Qc7 8. Qf3
Be7 9. O-O-O b5 10. e5 Bb7 11. Ncxb5 Qb6 12. Qb3 axb5 13. Bxb5+ Nfd7 14. Nxe6
Bxg5 15. Rxd6 Bxf4+ 16. Nxf4 Qf2 17. Rf1 1-0

[Event "X Open"]
[Site "Crema ITA"]
[Date "2008.09.07"]
[Round "5"]
[White "Panizzi, Giuseppe"]
[Black "Balzano, Aldo"]
[Result "1/2-1/2"]
[WhiteElo "2101"]
[BlackElo "1777"]
[PlyCount "193"]
[EventDate "2008.09.05"]

1. Nf3 Nf6 2. d4 g6 3. c4 Bg7 4. Nc3 O-O 5. e4 d6 6. Be2 e5 7. O-O Nc6 8. d5
Ne7 9. Ne1 Nd7 10. Nd3 f5 11. f3 f4 12. Bd2 g5 13. c5 Nxc5 14. Nxc5 dxc5 15.
Be1 Rf6 16. Bf2 b6 17. Qb3 Kh8 18. Rfd1 Rg6 19. d6 cxd6 20. Rd2 Nc6 21. Bc4 Nd4
22. Bxd4 cxd4 23. Nd1 Bd7 24. Nf2 h5 25. Bf7 Rh6 26. h3 Qe7 27. Rc1 Rc8 28.
Rxc8+ Bxc8 29. Rc2 Be6 30. Bxe6 Rxe6 31. Rc8+ Kh7 32. Qc4 Qf6 33. Kf1 Re7 34.
Nd3 Qf7 35. Qc6 Qe6 36. Nb4 Qd7 37. Qc4 Qa4 38. b3 Qd7 39. Nd5 Rf7 40. Qa6 Qe6
41. Ra8 Qd7 42. a4 Qc6 43. Qc8 Qxc8 44. Rxc8 Rd7 45. Ke2 Kg6 46. Rc2 Kf7 47.
Kd3 Bf6 48. Kc4 Bd8 49. Kb5 Ke6 50. Rc8 Bf6 51. Rc6 Bd8 52. Kb4 Kf7 53. Rc2 Ke6
54. Kc4 Rg7 55. Kb5 Kd7 56. Ka6 Ke6 57. Rc8 Rd7 58. Kb5 Bf6 59. Kc6 Bd8 60. Nb4
Ke7 61. Nd5+ Ke6 62. Kb5 Bf6 63. Kc4 Bd8 64. b4 Kf7 65. b5 Ke6 66. Kd3 Bf6 67.
Ra8 Kf7 68. Nb4 Ke6 69. Nc6 Rc7 70. Rxa7 Rxa7 71. Nxa7 Bd8 72. Nc6 Bc7 73. Nb4
Bd8 74. Kc4 Bc7 75. Nd5 Bd8 76. a5 bxa5 77. b6 Kd7 78. Kb5 a4 79. Kxa4 Kc6 80.
b7 Bc7 81. Nb4+ Kb6 82. Nd3 Ka6 83. Kb4 Kb6 84. Kc4 Kc6 85. Nb4+ Kb6 86. Nd5+
Kc6 87. Nf6 Kxb7 88. Nxh5 Kc6 89. g4 fxg3 90. Nxg3 Bd8 91. Ne2 Be7 92. Nc1 Bd8
93. Nd3 Ba5 94. Nf2 Bd8 95. Kb4 Kb6 96. Nd3 Bc7 97. Kc4 1/2-1/2

[Event "X Open"]
[Site "Crema ITA"]
[Date "2008.09.07"]
[Round "5"]
[White "Panjkovic, Aleksandar"]
[Black "Saba, Marco"]
[Result "1-0"]
[WhiteElo "2148"]
[BlackElo "1921"]
[PlyCount "47"]
[EventDate "2008.09.05"]

1. Nf3 Nf6 2. g3 g6 3. b4 Bg7 4. Bb2 O-O 5. Bg2 d5 6. O-O c6 7. a4 Nbd7 8. d3
Qb6 9. c3 e5 10. a5 Qc7 11. c4 Re8 12. Qb3 d4 13. Nbd2 c5 14. Ng5 Rb8 15. Bd5
Nxd5 16. cxd5 Rf8 17. Rfc1 b6 18. a6 Nf6 19. e4 Qe7 20. bxc5 Nxd5 21. exd5 Qxg5
22. Ne4 Qh5 23. c6 Bh6 24. Nf6+ 1-0

[Event "X Open"]
[Site "Crema ITA"]
[Date "2008.09.07"]
[Round "5"]
[White "Potenza, Gaetano"]
[Black "Fizzotti, Mario"]
[Result "1-0"]
[WhiteElo "1668"]
[BlackElo "1837"]
[PlyCount "131"]
[EventDate "2008.09.05"]

1. e4 e5 2. Nf3 Nf6 3. Nxe5 d6 4. Nf3 Nxe4 5. d4 d5 6. Bd3 Nc6 7. Nbd2 Bf5 8.
O-O Be7 9. Re1 Nd6 10. Bxf5 Nxf5 11. c3 O-O 12. Ne5 Bd6 13. Ndf3 Nh4 14. Bg5
Nxf3+ 15. Nxf3 f6 16. Bd2 Na5 17. Qe2 Qd7 18. b3 Rae8 19. Qd3 Rxe1+ 20. Rxe1
Re8 21. Rxe8+ Qxe8 22. Qf5 Qe4 23. Qxe4 dxe4 24. Nh4 g6 25. d5 b6 26. g3 Nb7
27. b4 a5 28. a3 axb4 29. axb4 Nd8 30. Ng2 Nf7 31. Kf1 Ne5 32. Ke2 Nf3 33. h4
Be5 34. Bf4 Kf7 35. Bxe5 Nxe5 36. Ke3 f5 37. Nf4 Ng4+ 38. Ke2 Ke7 39. f3 Nf6
40. Ke3 Kd6 41. c4 exf3 42. Kxf3 Nd7 43. Ke3 Ne5 44. Kd4 Nf3+ 45. Kd3 Ne5+ 46.
Kd4 Nf3+ 47. Kc3 Ne5 48. Kb3 Nd7 49. Ka4 Nf6 50. Kb5 Ne4 51. Ne2 h6 52. Ka4 g5
53. hxg5 hxg5 54. Kb3 Ke5 55. Kc2 Nd6 56. Kd3 Ne4 57. Ke3 Nf6 58. Kf3 g4+ 59.
Ke3 Nh5 60. Kd3 f4 61. gxf4+ Nxf4+ 62. Nxf4 Kxf4 63. c5 Ke5 64. d6 cxd6 65.
cxb6 g3 66. Ke2 1-0

[Event "X Open"]
[Site "Crema ITA"]
[Date "2008.09.07"]
[Round "5"]
[White "Quagliarella, Sabino Remo"]
[Black "Pisani, Valerio"]
[Result "1-0"]
[WhiteElo "1925"]
[BlackElo "1707"]
[PlyCount "37"]
[EventDate "2008.09.05"]

1. d4 Nf6 2. Nf3 d5 3. Bf4 e6 4. e3 Bd6 5. Ne5 Bxe5 6. dxe5 Ne4 7. Bd3 Nc5 8.
Qg4 g6 9. Bg5 Nxd3+ 10. cxd3 Qd7 11. Bf6 Rg8 12. Qh4 h5 13. Nc3 Nc6 14. O-O b6
15. Rfd1 Bb7 16. d4 Ne7 17. Rac1 O-O-O 18. Bxe7 Qxe7 19. Qxe7 1-0

[Event "X Open"]
[Site "Crema ITA"]
[Date "2008.09.07"]
[Round "5"]
[White "Stradiotti, Maurizio"]
[Black "Bonade', Giacomo"]
[Result "1-0"]
[WhiteElo "1697"]
[BlackElo "1847"]
[PlyCount "95"]
[EventDate "2008.09.05"]

1. d4 f5 2. Nf3 Nf6 3. Bg5 e6 4. Nc3 Be7 5. e3 d6 6. Bd3 Nc6 7. O-O O-O 8. Nd2
Ng4 9. Bxe7 Qxe7 10. h3 Nf6 11. f4 Nb4 12. Be2 e5 13. a3 exd4 14. exd4 Qe3+ 15.
Kh2 Nbd5 16. Nc4 Qe7 17. Qd2 Nxc3 18. bxc3 Ne4 19. Qd3 a5 20. Rae1 b5 21. Ne3
c6 22. Bf3 d5 23. Bxe4 dxe4 24. Qe2 Qxa3 25. g4 Qxc3 26. gxf5 Bxf5 27. Nxf5
Rxf5 28. Qxe4 Raf8 29. Re3 Qc4 30. Ref3 b4 31. Rg1 Qd5 32. Qe3 a4 33. Rfg3 g6
34. Rg4 Qd6 35. Rf1 Rd5 36. h4 Rxd4 37. h5 Rd2+ 38. Rf2 Rxf2+ 39. Qxf2 Qe6 40.
Qg2 Rf5 41. Qh3 Qe2+ 42. Kg1 Qd1+ 43. Kh2 Qxc2+ 44. Rg2 Qd1 45. Qxf5 Qd8 46.
Kh3 Kg7 47. hxg6 h6 48. Qf7+ 1-0

[Event "X Open"]
[Site "Crema ITA"]
[Date "2008.09.07"]
[Round "5"]
[White "Tedoldi, Guido"]
[Black "Maddaloni, Giovanni"]
[Result "1-0"]
[WhiteElo "1449"]
[BlackElo "1833"]
[PlyCount "59"]
[EventDate "2008.09.05"]

1. c4 Nf6 2. Nc3 d6 3. Nf3 Nbd7 4. d3 e5 5. Bg5 Be7 6. e3 c6 7. Be2 O-O 8. O-O
a5 9. Qc2 Ne8 10. Bxe7 Qxe7 11. Ne4 Nc7 12. Ng3 Nf6 13. e4 Bg4 14. Rad1 Ne6 15.
Nf5 Bxf5 16. exf5 Nf4 17. Rfe1 c5 18. g3 Nxe2+ 19. Qxe2 g6 20. Nh4 Qc7 21. Qf3
Kg7 22. g4 g5 23. Ng2 Rae8 24. h4 h6 25. h5 Re7 26. Ne3 e4 27. dxe4 Rxe4 28.
Nd5 Rxe1+ 29. Rxe1 Qc6 30. Qc3 1-0

[Event "X Open"]
[Site "Crema ITA"]
[Date "2008.09.07"]
[Round "5"]
[White "Vishanji, Adrian"]
[Black "Madaschi, Sergio"]
[Result "1-0"]
[WhiteElo "1974"]
[BlackElo "1595"]
[PlyCount "85"]
[EventDate "2008.09.05"]

1. e4 e5 2. Nf3 Nc6 3. d4 exd4 4. Bc4 Bc5 5. c3 dxc3 6. Bxf7+ Kxf7 7. Qd5+ Ke8
8. Qxc5 Qe7 9. Qxe7+ Ngxe7 10. Nxc3 d6 11. Nb5 Kd8 12. Ng5 Kd7 13. Bf4 Ne5 14.
Bxe5 dxe5 15. Nf7 Kc6 16. Nxh8 Be6 17. a4 Rxh8 18. Rc1+ Kb6 19. Nxc7 Bb3 20.
O-O Bxa4 21. Ne6 Bc6 22. f3 g6 23. Rfd1 h6 24. Nd8 Re8 25. Nf7 h5 26. Nxe5 Kc7
27. b4 a6 28. Kf2 Rd8 29. Rxd8 Kxd8 30. h4 Kc7 31. Ke3 Kb6 32. Kf4 a5 33. bxa5+
Kxa5 34. Kg5 Be8 35. Kf6 Nc6 36. Nxc6+ Bxc6 37. Kxg6 Ba4 38. e5 b5 39. e6 b4
40. e7 b3 41. Ra1 Kb4 42. Rxa4+ Kxa4 43. e8=Q+ 1-0

[Event "X Open"]
[Site "Crema ITA"]
[Date "2008.09.07"]
[Round "5"]
[White "Vishanji, Franz"]
[Black "Galli, Fabrizio"]
[Result "1-0"]
[WhiteElo "1422"]
[BlackElo "1463"]
[PlyCount "33"]
[EventDate "2008.09.05"]

1. e4 c5 2. d4 cxd4 3. Qxd4 Nc6 4. Qe3 e5 5. Nc3 Bb4 6. Nge2 Nf6 7. a3 Ba5 8.
Bd2 O-O 9. O-O-O d6 10. h3 Be6 11. Ng3 d5 12. exd5 Nxd5 13. Nxd5 Qxd5 14. c4
Qd8 15. Bd3 Nd4 16. Qe4 Bxd2+ 17. Rxd2 1-0

[Event "X Open"]
[Site "Crema ITA"]
[Date "2008.09.07"]
[Round "5"]
[White "Vuckovic, Dimitrije"]
[Black "Sperli', Maurizio"]
[Result "0-1"]
[WhiteElo "1500"]
[BlackElo "1434"]
[PlyCount "72"]
[EventDate "2008.09.05"]

1. d4 d5 2. c4 e6 3. Nc3 Nf6 4. Nf3 h6 5. Bf4 c5 6. cxd5 exd5 7. e3 Nc6 8. Bd3
cxd4 9. Nxd4 Bb4 10. O-O Bxc3 11. bxc3 O-O 12. Nb5 a6 13. Nc7 Ra7 14. c4 d4 15.
e4 b6 16. Nd5 Nxd5 17. cxd5 Ne7 18. Qa4 f5 19. exf5 Bxf5 20. Bxf5 Rxf5 21. Qxd4
Rxd5 22. Qc4 b5 23. Qb3 Kh8 24. Qb2 Ng8 25. g3 Rdd7 26. Qe2 Re7 27. Qc2 Red7
28. Qg6 Qf6 29. Qc2 Ne7 30. Rae1 Ng6 31. Re4 Rd3 32. Rfe1 Qf5 33. Kg2 Nxf4+ 34.
Rxf4 Rxg3+ 35. fxg3 Qxc2+ 36. Rf2 Qd2 0-1

[Event "X Open"]
[Site "Crema ITA"]
[Date "2008.09.07"]
[Round "6"]
[White "Acunzo, Domenico"]
[Black "Gerundino, Nicola"]
[Result "0-1"]
[WhiteElo "1787"]
[BlackElo "1964"]
[PlyCount "58"]
[EventDate "2008.09.05"]

1. e4 c5 2. Nf3 Nc6 3. d4 cxd4 4. Nxd4 Nf6 5. Nc3 e5 6. Ndb5 d6 7. Bg5 a6 8.
Bxf6 gxf6 9. Na3 b5 10. Nd5 Be6 11. c3 Bg7 12. Nc2 O-O 13. Nce3 Ne7 14. Nxe7+
Qxe7 15. Qh5 Qb7 16. Bd3 Rfd8 17. O-O Rac8 18. a4 bxa4 19. Rxa4 Qxb2 20. Nd5
Rc5 21. f4 h6 22. Rxa6 Bxd5 23. exd5 Qb7 24. Rb1 Qxd5 25. Ra7 Rxc3 26. Rbb7
Qd4+ 27. Kf1 Qxd3+ 28. Qe2 Rc1+ 29. Kf2 Rc2 0-1

[Event "X Open"]
[Site "Crema ITA"]
[Date "2008.09.07"]
[Round "6"]
[White "Annoni, Riccardo"]
[Black "Masotti, Roberto"]
[Result "1-0"]
[WhiteElo "2068"]
[BlackElo "1954"]
[PlyCount "71"]
[EventDate "2008.09.05"]

1. e4 c5 2. Nc3 e6 3. Nge2 d5 4. exd5 exd5 5. d4 Nf6 6. Bg5 Be7 7. g3 cxd4 8.
Qxd4 Nc6 9. Qd2 O-O 10. Bg2 Qb6 11. Rb1 d4 12. Bxf6 Bxf6 13. Nd5 Qd8 14. O-O
Bg4 15. Nxf6+ Qxf6 16. Rfe1 Rad8 17. h3 Bf5 18. Nc1 Ne5 19. Nd3 Nxd3 20. cxd3
Qa6 21. Bf1 Rfe8 22. a3 Re6 23. g4 Rg6 24. Re5 Be6 25. Rbe1 f5 26. g5 h6 27. h4
hxg5 28. hxg5 Kf7 29. f4 Rh8 30. Qb4 Rh4 31. Qxd4 Rxg5+ 32. Bg2 Rhg4 33. R1e2
Rg6 34. Kf1 Rg3 35. Rxe6 Rxg2 36. Rxa6 1-0

[Event "X Open"]
[Site "Crema ITA"]
[Date "2008.09.07"]
[Round "6"]
[White "Arbore, Daniele"]
[Black "Vuckovic, Dimitrije"]
[Result "0-1"]
[WhiteElo "1374"]
[BlackElo "1500"]
[PlyCount "23"]
[EventDate "2008.09.05"]

1. d4 c5 2. Nf3 d6 3. c4 Nc6 4. b3 Nf6 5. Bb2 b6 6. e3 Be6 7. Nbd2 g6 8. h3 Bg7
9. g4 O-O 10. Bg2 a6 11. Nh2 Nb4 12. Qb1 0-1

[Event "X Open"]
[Site "Crema ITA"]
[Date "2008.09.07"]
[Round "6"]
[White "Balzano, Aldo"]
[Black "Della Ragione, Achille"]
[Result "1-0"]
[WhiteElo "1777"]
[BlackElo "2033"]
[PlyCount "83"]
[EventDate "2008.09.05"]

1. d4 d5 2. c4 Bf5 3. Nc3 e6 4. Bf4 Bd6 5. Bxd6 Qxd6 6. Qb3 Nc6 7. Nf3 dxc4 8.
Qxc4 Nf6 9. e3 O-O-O 10. a3 Rhe8 11. Be2 h6 12. b4 g5 13. O-O g4 14. Nd2 e5 15.
Nb3 exd4 16. Nb5 Qe5 17. N5xd4 Nxd4 18. Nxd4 Rxd4 19. exd4 Qxe2 20. Qxf7 Qe6
21. Qxe6+ Rxe6 22. f3 gxf3 23. Rxf3 Bg6 24. Rc1 c6 25. Rc5 Be8 26. Rcf5 Nd5 27.
Kf2 Re4 28. Re5 Rxe5 29. dxe5 Kd7 30. Rf8 Ke7 31. Rh8 h5 32. Kf3 Nb6 33. g4
hxg4+ 34. Kxg4 Nc4 35. Rh7+ Bf7 36. Kf5 Kf8 37. Kf6 Bg8 38. Rxb7 Ke8 39. Rb8+
Kd7 40. Rxg8 Nxa3 41. e6+ Kc7 42. e7 1-0

[Event "X Open"]
[Site "Crema ITA"]
[Date "2008.09.07"]
[Round "6"]
[White "Barucco, Mattia"]
[Black "Mansueti, Marco"]
[Result "0-1"]
[WhiteElo "2029"]
[BlackElo "1745"]
[PlyCount "50"]
[EventDate "2008.09.05"]

1. e4 e5 2. Nf3 Nc6 3. Bb5 Nf6 4. O-O Bc5 5. d3 Nd4 6. Nxd4 Bxd4 7. c3 Bb6 8.
Nd2 c6 9. Ba4 O-O 10. Nc4 Bc7 11. Ne3 d5 12. Qf3 d4 13. Nf5 Bxf5 14. exf5 Qd5
15. Qh3 dxc3 16. bxc3 Qa5 17. Bb3 Qxc3 18. Ba3 Rfd8 19. Rfd1 Qd4 20. Be7 Rd7
21. Bxf6 gxf6 22. Rac1 Bb6 23. Rc4 Qxf2+ 24. Kh1 Bd4 25. Qh6 Qxf5 0-1

[Event "X Open"]
[Site "Crema ITA"]
[Date "2008.09.07"]
[Round "6"]
[White "Bonade', Giacomo"]
[Black "Bastianello, Tito"]
[Result "0-1"]
[WhiteElo "1847"]
[BlackElo "1494"]
[PlyCount "176"]
[EventDate "2008.09.05"]

1. e4 d6 2. d4 Nf6 3. Nc3 g6 4. f4 Bg7 5. Be2 O-O 6. e5 dxe5 7. fxe5 Nd5 8. Ne4
f6 9. c4 Nb6 10. exf6 exf6 11. Nf3 Re8 12. Nc3 c5 13. O-O cxd4 14. Qxd4 Nc6 15.
Qxd8 Rxd8 16. Be3 Be6 17. b3 f5 18. Rac1 Nd7 19. Nb5 Bf7 20. Ng5 Re8 21. Kf2
Bh6 22. Rc3 Bxg5 23. Bxg5 Nc5 24. Bf3 Ne5 25. Nc7 Nxf3 26. Rxf3 Ne4+ 27. Kg1
Nxg5 28. R3f2 Rad8 29. Nxe8 Bxe8 30. Re1 Ne4 31. Rc2 Bc6 32. b4 a6 33. Rb2 Nc3
34. b5 axb5 35. cxb5 Nxb5 36. a4 Nc3 37. a5 Ne4 38. Rc1 Ra8 39. Ra2 Bb5 40. Rc7
Ba6 41. h3 Rd8 42. Kh2 Nd2 43. Kg3 Ne4+ 44. Kf4 Re8 45. g4 fxg4 46. hxg4 Nf6
47. Rd2 g5+ 48. Kf5 Rf8 49. Rc1 Kg7 50. Rh2 h6 51. Rc7+ Kg8 52. Rc1 Bd3+ 53.
Ke6 Nxg4 54. Rd2 Re8+ 55. Kd7 Nf6+ 56. Kc7 Be4 57. Rf2 Kg7 58. Rcf1 Rf8 59. Kd6
Ne8+ 60. Ke5 Rxf2 61. Rxf2 Bc6 62. Kf5 Nd6+ 63. Ke6 Nc4 64. Rf5 Kg6 65. Rc5
Nxa5 66. Rxa5 Kh5 67. Kf6 Kh4 68. Kg6 g4 69. Rh5+ Kg3 70. Kxh6 Kg2 71. Rc5 g3
72. Kg5 Kh2 73. Kg4 g2 74. Rh5+ Kg1 75. Rc5 Kf1 76. Rc1+ Ke2 77. Kg3 Ke3 78.
Kh2 Kd4 79. Kg1 Ke5 80. Rc2 Kd6 81. Rd2+ Kc7 82. Rxg2 Bxg2 83. Kxg2 Kc6 84. Kf2
Kb5 85. Ke3 Ka4 86. Kd2 Kb3 87. Kc1 b5 88. Kb1 b4 0-1

[Event "X Open"]
[Site "Crema ITA"]
[Date "2008.09.07"]
[Round "6"]
[White "Bonassi, Tommaso"]
[Black "Blengino, Luca"]
[Result "1/2-1/2"]
[WhiteElo "1695"]
[BlackElo "1890"]
[PlyCount "104"]
[EventDate "2008.09.05"]

1. e4 c5 2. Nf3 d6 3. d4 cxd4 4. Nxd4 Nf6 5. Nc3 g6 6. Bc4 Bg7 7. Be3 O-O 8. f3
Nc6 9. Qd2 Bd7 10. O-O-O Rc8 11. Bb3 Ne5 12. g4 h5 13. gxh5 Nxh5 14. Bh6 Nc4
15. Bxc4 Rxc4 16. Bxg7 Kxg7 17. Rhg1 Nf6 18. Qd3 Rc5 19. Nf5+ Bxf5 20. exf5 Qe8
21. f4 Rh8 22. fxg6 fxg6 23. f5 Rh6 24. Rde1 b5 25. Rxg6+ Rxg6 26. fxg6 b4 27.
Ne2 Qxg6 28. Nf4 Qxd3 29. Nxd3 Rc7 30. Nxb4 a5 31. Nd3 Kf7 32. b3 Rc8 33. Nf4
Rh8 34. h3 e5 35. Nd3 Rxh3 36. Nxe5+ dxe5 37. Rxe5 Rh5 38. Rxh5 Nxh5 39. Kb2 a4
40. b4 Nf4 41. Ka3 Ke7 42. Kxa4 Kd7 43. Kb5 Nd5 44. Kc5 Nc3 45. Kc4 Na4 46. Kd4
Kc6 47. c4 Kd6 48. b5 Nc5 49. Kc3 Kc7 50. Kb4 Kb6 51. a4 Nd3+ 52. Kb3 Nc5+
1/2-1/2